| 000 | 00520nam a22001697a 4500 | ||
|---|---|---|---|
| 003 | OSt | ||
| 005 | 20140310182819.0 | ||
| 008 | 130304t xxu||||| |||| 00| 0 eng d | ||
| 020 | _a9812431594 | ||
| 050 |
_aQA 76.73.J39 _b.J41 2001 |
||
| 245 |
_aJavascript : _bcomplete concepts and techniques / _cGary B. Shelly ... [et al.]. |
||
| 260 |
_aCambridge, Massachusetts : _bCourse Technology, _c2001. |
||
| 300 |
_a1 v. (various pagings) : _bcol. ill. ; _c28 cm. |
||
| 521 | _aIT | ||
| 942 |
_2lcc _cBK _kFOR |
||
| 999 |
_c16348 _d16348 |
||